000 00314nam a22001337a 4500
008 170511b xxu||||| |||| 00| 0 eng d
020 _a9780130940964
041 _aeng
080 _a34
100 _a15
101 _aSHJ
245 _aAN INTRUDUCTION TO THE CRIMES OF FAMILY
_cGOSSELIN.D.K
942 _2udc
_cBK
999 _c13221
_d13221